00513nam a2200145Ia 4500008004100000041000800041082001700049100001800066245004500084260004300129300003200172365000900204999001500213952013900228240624s9999 xx 000 0 und d aeng a332.6322 SCO aSCOTT DAVID L aDAVID SCOTT S GUIDES INVESTING IN COMMON c2005aBostonbHoughton Mifflin Company aviii, : 178 : p. : cm. ; 19 cb35 c5827d5827 00104070aIMTNbIMTNcRack 11-Ad2007-08-29eRBCg9.95l2o332.6322 SCOp5827r2025-07-16 00:00:00s2025-07-08t43.1w2024-06-24yBK